<?xml version="1.0" encoding="UTF-8"?>
<record
    xmlns:xsi="http://www.w3.org/2001/XMLSchema-instance"
    xsi:schemaLocation="http://www.loc.gov/MARC21/slim http://www.loc.gov/standards/marcxml/schema/MARC21slim.xsd"
    xmlns="http://www.loc.gov/MARC21/slim">

  <leader>01334cas a2200313   4500</leader>
  <controlfield tag="005">20180803170122.0</controlfield>
  <controlfield tag="008">781013c19699999bl fr p       0   b0porrc</controlfield>
  <datafield tag="022" ind1=" " ind2=" ">
    <subfield code="a">0374-5686</subfield>
  </datafield>
  <datafield tag="040" ind1=" " ind2=" ">
    <subfield code="a">TXA</subfield>
    <subfield code="c">TXA</subfield>
    <subfield code="d">HUL</subfield>
    <subfield code="d">DLC</subfield>
    <subfield code="d">OCL</subfield>
    <subfield code="d">NSD</subfield>
    <subfield code="d">NST</subfield>
    <subfield code="d">BSS</subfield>
    <subfield code="d">SYS</subfield>
    <subfield code="d">OCL</subfield>
    <subfield code="d">OCLCQ</subfield>
    <subfield code="d">NLGGC</subfield>
    <subfield code="d">DLC</subfield>
    <subfield code="d">OCLCQ</subfield>
    <subfield code="d">HEBIS</subfield>
    <subfield code="d">GBVCP</subfield>
    <subfield code="d">UKMGB</subfield>
    <subfield code="d">DLC</subfield>
    <subfield code="d">OCLCQ</subfield>
    <subfield code="d">OCLCF</subfield>
    <subfield code="d">OCLCO</subfield>
    <subfield code="d">IXA</subfield>
    <subfield code="d">OCLCO</subfield>
    <subfield code="d">CO-BoIAVH</subfield>
  </datafield>
  <datafield tag="041" ind1="0" ind2=" ">
    <subfield code="a">eng</subfield>
    <subfield code="a">por</subfield>
  </datafield>
  <datafield tag="044" ind1=" " ind2=" ">
    <subfield code="a">bl</subfield>
  </datafield>
  <datafield tag="090" ind1=" " ind2=" ">
    <subfield code="a">SE</subfield>
  </datafield>
  <datafield tag="245" ind1="0" ind2="0">
    <subfield code="a">Arquivos de ci&#xEA;ncias do mar.</subfield>
  </datafield>
  <datafield tag="260" ind1=" " ind2=" ">
    <subfield code="a">Fortaleza (Brasil) : </subfield>
    <subfield code="b">Universidade Federal do Cear&#xE1;,</subfield>
    <subfield code="c">1969-.</subfield>
  </datafield>
  <datafield tag="300" ind1=" " ind2=" ">
    <subfield code="b">ilustraciones ;</subfield>
    <subfield code="c">29 x 21 cm</subfield>
  </datafield>
  <datafield tag="310" ind1=" " ind2=" ">
    <subfield code="b">2007-</subfield>
    <subfield code="a">f</subfield>
  </datafield>
  <datafield tag="321" ind1=" " ind2=" ">
    <subfield code="a">a</subfield>
    <subfield code="b">1998-2006</subfield>
  </datafield>
  <datafield tag="321" ind1=" " ind2=" ">
    <subfield code="a">f</subfield>
    <subfield code="b">1997</subfield>
  </datafield>
  <datafield tag="650" ind1="2" ind2="6">
    <subfield code="a">Biolog&#xED;a marina</subfield>
    <subfield code="v">Publicaciones peri&#xF3;dicas</subfield>
  </datafield>
  <datafield tag="650" ind1="2" ind2="6">
    <subfield code="a">Biolog&#xED;a marina</subfield>
    <subfield code="z">Brasil</subfield>
    <subfield code="v">Publicaciones peri&#xF3;dicas</subfield>
  </datafield>
  <datafield tag="650" ind1="2" ind2="6">
    <subfield code="a">Peces</subfield>
    <subfield code="v">Publicaciones peri&#xF3;dicas</subfield>
  </datafield>
  <datafield tag="650" ind1="2" ind2="6">
    <subfield code="a">Peces</subfield>
    <subfield code="z">Brasil</subfield>
    <subfield code="v">Publicaciones peri&#xF3;dicas</subfield>
  </datafield>
  <datafield tag="650" ind1="2" ind2="6">
    <subfield code="a">Recursos pesqueros</subfield>
    <subfield code="z">Brasil</subfield>
    <subfield code="v">Publicaciones peri&#xF3;dicas</subfield>
  </datafield>
  <datafield tag="650" ind1="2" ind2="6">
    <subfield code="a">Oceanograf&#xED;a</subfield>
  </datafield>
  <datafield tag="710" ind1="2" ind2=" ">
    <subfield code="a">Universidade Federal do Cear&#xE1;</subfield>
    <subfield code="b">Laborat&#xF3;rio de Ci&#xEA;ncias do Mar</subfield>
  </datafield>
  <datafield tag="776" ind1="0" ind2="8">
    <subfield code="i">Online version:</subfield>
    <subfield code="t">Arquivos de ci&#xEA;ncias do mar</subfield>
    <subfield code="w">(DLC)  2016240177</subfield>
    <subfield code="w">(OCoLC)656166372</subfield>
  </datafield>
  <datafield tag="780" ind1="0" ind2="0">
    <subfield code="t">Arquivos da Esta&#xE7;&#xE3;o de Biologia Marinha da Universidade Federal do Cear&#xE1;</subfield>
    <subfield code="w">(OCoLC)5437128</subfield>
  </datafield>
  <datafield tag="942" ind1=" " ind2=" ">
    <subfield code="2">lcc</subfield>
    <subfield code="c">REVISTA</subfield>
  </datafield>
  <datafield tag="999" ind1=" " ind2=" ">
    <subfield code="c">17263</subfield>
    <subfield code="d">17263</subfield>
  </datafield>
  <datafield tag="952" ind1=" " ind2=" ">
    <subfield code="0">0</subfield>
    <subfield code="1">0</subfield>
    <subfield code="2">z</subfield>
    <subfield code="4">0</subfield>
    <subfield code="7">0</subfield>
    <subfield code="8">HEMEROTECA</subfield>
    <subfield code="A">2001</subfield>
    <subfield code="B">34</subfield>
    <subfield code="I">INV2017</subfield>
    <subfield code="a">Bogota</subfield>
    <subfield code="b">Bogota</subfield>
    <subfield code="d">2004-08-25</subfield>
    <subfield code="g">10.00</subfield>
    <subfield code="h">Volumen 34 (01/12/2001)</subfield>
    <subfield code="l">0</subfield>
    <subfield code="o">SE</subfield>
    <subfield code="p">016593</subfield>
    <subfield code="r">2015-03-25 00:00:00</subfield>
    <subfield code="t">Ej. 1</subfield>
    <subfield code="w">2015-03-25</subfield>
    <subfield code="x">Donacion</subfield>
    <subfield code="y">REVISTA</subfield>
  </datafield>
  <datafield tag="952" ind1=" " ind2=" ">
    <subfield code="0">0</subfield>
    <subfield code="1">0</subfield>
    <subfield code="2">z</subfield>
    <subfield code="4">0</subfield>
    <subfield code="7">0</subfield>
    <subfield code="8">HEMEROTECA</subfield>
    <subfield code="A">2002</subfield>
    <subfield code="B">35</subfield>
    <subfield code="I">INV2017</subfield>
    <subfield code="a">Bogota</subfield>
    <subfield code="b">Bogota</subfield>
    <subfield code="d">2004-08-25</subfield>
    <subfield code="g">10.00</subfield>
    <subfield code="h">Volumen 35 (01/12/2002)</subfield>
    <subfield code="l">0</subfield>
    <subfield code="o">SE</subfield>
    <subfield code="p">016594</subfield>
    <subfield code="r">2015-03-25 00:00:00</subfield>
    <subfield code="t">Ej. 1</subfield>
    <subfield code="w">2015-03-25</subfield>
    <subfield code="x">Donacion</subfield>
    <subfield code="y">REVISTA</subfield>
  </datafield>
</record>
